Come home (Record no. 85285)

MARC details
000 -LEADER
fixed length control field 00648 a2200241 4500
003 - CONTROL NUMBER IDENTIFIER
control field CBULib
005 - DATE AND TIME OF LATEST TRANSACTION
control field 20240905092450.0
008 - FIXED-LENGTH DATA ELEMENTS--GENERAL INFORMATION
fixed length control field 240905b |||||||| |||| 00| 0 eng d
020 ## - INTERNATIONAL STANDARD BOOK NUMBER
International Standard Book Number 9781608093120
040 ## - CATALOGING SOURCE
Language of cataloging English
Transcribing agency CBULib
Description conventions rda
041 ## - LANGUAGE CODE
Language code of text/sound track or separate title eng
050 ## - LIBRARY OF CONGRESS CALL NUMBER
Classification number PS 3607.U73
100 ## - MAIN ENTRY--PERSONAL NAME
Personal name Gussin, Patricia
245 ## - TITLE STATEMENT
Title Come home
Statement of responsibility, etc / by Patricia Gussin
260 ## - PUBLICATION, DISTRIBUTION, ETC. (IMPRINT)
Name of publisher, distributor, etc Oceanview Publishing,
Date of publication, distribution, etc 2017
Place of publication, distribution, etc Florida :
300 ## - PHYSICAL DESCRIPTION
Extent 352 pages
336 ## - CONTENT TYPE
Source rdacontent
Content type term Text |
Content type code txt
337 ## - MEDIA TYPE
Source rdamedia
Media type term Unmediated |
Media type code n
338 ## - CARRIER TYPE
Source rdacarrier
Carrier type term Volume
Carrier type code nc
650 #0 - SUBJECT ADDED ENTRY--TOPICAL TERM
9 (RLIN) 708
Topical term or geographic name as entry element FICTION
650 #0 - SUBJECT ADDED ENTRY--TOPICAL TERM
9 (RLIN) 3557
Topical term or geographic name as entry element PSYCHOLOGICAL
942 ## - ADDED ENTRY ELEMENTS (KOHA)
Source of classification or shelving scheme
Koha item type MONOGRAPH
Holdings
Withdrawn status Lost status Source of classification or shelving scheme Damaged status Not for loan Collection code Permanent Location Current Location Shelving location Date acquired Source of acquisition Cost, normal purchase price Full call number Barcode Date last seen Copy number Price effective from Koha item type
          CBU-Lusaka Campus CBU- LUSAKA CAMPUS CBU-MAIN LIBRARY, KITWE. Fiction Collection 09/05/2024 DON-BOOKAID 38.97 PS 3607.U73 752155 09/05/2024 1 09/05/2024 MONOGRAPH